00409nam a2200157Ia 4500003000400000008004100004040001600045082001900061100001600080245003900096260005900135300000900194650001000203650001900213650001900232GCL140319s9999 xx 000 0 eng d aGCL / cGCL04a305.42062bA W1 aAMIN, QASIM10aWOMEN AND THE VEIL / cAMIN, QASIM a[S.N] : bAMERICAN UNIVERSITY IN CAIRO PRESS ، c1992 a63 P04aWOMEN04aEGYPTIAN WOMEN04aSOCIAL SCIENCE